| 000 | 00630nam a2200205 4500 | ||
|---|---|---|---|
| 020 |
_aNA _cNA |
||
| 040 |
_aMUL _beng. _eAACR |
||
| 082 | _a381.1 SAE | ||
| 100 | _aSaether, Arild. | ||
| 245 |
_aA retail trade model and stabilization procedures _c Arild, Saether and Thor Miroslaw |
||
| 260 |
_a[Norway] : _bKristiansand, _c[1989]. |
||
| 300 |
_avarious paging : _c30 cm. |
||
| 650 |
_aA retail trade model _z[Norway] |
||
| 650 |
_aStabilization procedures _z[Norway] |
||
| 650 |
_aSathor process _z[Norway] |
||
| 650 |
_aStabilization process _z[Norway] |
||
| 700 | _a Saether, Arild | ||
| 700 | _aMiroslaw, Thor | ||
| 942 | _cBK | ||
| 999 |
_c8061 _d8061 |
||